000 00536nam a2200205 a 4500
001 BRCA_6985
005 20190320205652.0
008 231111s1949----dk-a######---#000-0#eng-#
041 _aeng
044 _adk
050 4 _aNK7158
_b.B64 1949
245 1 0 _aOld Danish silver
_cGudmund Boesen and Christen A. Boje
260 _aCopenhage
_bHassing
_c1949
300 _a35 p.
_bil.
_c?? cm.
500 _aO218
650 1 4 _aPlatería
_zDinamarca
_917386
700 1 _aBoje, Christen Anton
_ecoat.
_917387
902 _aGFM
942 _2lcc
_cB
999 _c6666
_d6666